01591nam a2200349 a 4500001001000000003000500010005001700015008004100032010001100073011001100084040000900095090001000104100003600114245018900150260004100339500006000380502011400440590004100554590004100595590004000636590004000676650005000716650005400766650004300820856007000863901000700933942001000940942000600950999001900956952013100975952013501106000114645CHAP20220329144451.0180314s2017 mx |sm |||||||spa d a111106 a112078 cCHAP aTesis00aLugo Martínez, Leticia96894113aEl papel de los consejos municipales de desarrollo rural sustentable en la definición de políticas locales en una zona natural protegidah[En línea]cpor Leticia Lugo Martínez. aChapingo, Méx. :bEl autor,c2017. aPara ver el contenido del material haga clic en la liga aTesis (M. C. en Gestión para el Desarrollo Rural) -- UACH. Dirección de Centros Regionales Universitarios aBATCH-UPDb05c20180314lUCH01h1006 aE11695DGDb10c20180315lUCH01h0927 aE6337LMJb05c20180314lUCH01h1005 aE6337LMJb05c20180314lUCH01h100514aReservas naturalesxAdministración.913486814aReservas naturalesxPolitica y programas.913486714aReservas naturaleszQueretaro.9134866 aFinding aiduhttp://10.13.5.2/tesis/sist114645.pdfzTeclea aquí aBK cTESIS n0 c111106d111106 00104054718TESISaBCbBCd2018-03-14fTESISl0oTesisp114646-10r2019-12-31 00:00:00w2019-12-31yTESISzRecien adquirido 00102local4053708TESISaBCbBCcPA_TESISd2018-03-14fTESISl0oTesisp114646-20r2019-12-31 00:00:00tc.2w2019-12-31yTESIS